| 000 | 00653nam a22002057a 4500 | ||
|---|---|---|---|
| 005 | 20221229071139.0 | ||
| 008 | 221229b |||||||| |||| 00| 0 eng d | ||
| 020 | _a9781408021262 | ||
| 040 |
_aKMU _cKMU |
||
| 050 | _aHB 171.5 Man 2010 | ||
| 100 | _aMankiw, N. Gregory | ||
| 245 |
_aEconomics / _cby N. Gregory Mankiw and Mark P. Taylor |
||
| 250 |
_aSpecial edition _bwith coverage of the world financial crisis |
||
| 260 |
_aAustralia ; _bSouth-Western Cengage Learning , _c2010 . |
||
| 300 |
_axxiv,916 pages : _bIllustration ; _c27 cm. |
||
| 500 | _aIncludes an index | ||
| 650 |
_2Oclc _aEconomics |
||
| 700 | _aTaylor, Mark P. | ||
| 942 |
_2lcc _cBK _n0 |
||
| 999 |
_c19 _d19 |
||